Normal view
MARC view
Entry Personal Name
001 - CONTROL NUMBER
- control field: 73724
003 - CONTROL NUMBER IDENTIFIER
- control field: dpl
005 - DATE AND TIME OF LATEST TRANSACTION
- control field: 20241105164353.0
008 - FIXED-LENGTH DATA ELEMENTS
- fixed length control field: 241105|| aca||aabn | a|a d
040 ## - CATALOGING SOURCE
- Original cataloging agency: dpl
- Transcribing agency: dpl
100 ## - HEADING--PERSONAL NAME
- Personal name: श्रीवास्तव,ऋषि मोहन
670 ## - SOURCE DATA FOUND
- Source citation: Work cat.: (dpl)205647: श्रीवास्तव,ऋषि मोहन, सौर ऊर्जाः प्रकृति का अमूल्य वरदान/, 2023
